Statistics for Boyzone

Click here to take the quiz!

General Stats

  • This quiz has been taken 44 times
  • The average score is 11 of 15

Answer Stats

HintAnswer% Correct
Who is the youngest member in the band?Ronan
100%
When they first started out how many members were there?5
93%
Who were the lead singers?Ronan, Stephen
93%
Which member died?Stephen
93%
When did boyzone first get together?1993
80%
When did boyzone split up?1999
80%
When did they get back together?2008
80%
They finally split up for good in?2018
80%
Which member has acted in Coronation Street?Keith
80%
What year did he die?2009
77%
Which member suffers with Dyslexia?Shane
73%
Who was meant to be a lead singer?Mikey
70%
The rest of the Boyzone members dedicated an album to the member who died. What is was it called?Brother
57%
What is their most popular song?No Matter What
57%
They also dedicated a song to him. What was it called?Gave it all away
33%

Score Distribution

Percentile by Number Answered

Percent of People with Each Score

Your Score History

You have not taken this quiz